00386nam a2200157Ia 45000010006000000050017000060080041000230410008000640820026000721000035000982450043001332600009001763000027001856500008002126540008002202091520260306172840.0260306t2014||||xx |||||||||||||| ||spa|| aESP a343.8bS94 Nº 2 2012 aVarillas Sánchez, HeidieAUT 0aProcedimientos aduaneros y tributarios c2014 a260 páginas :c29 cm aGEN aCCO